| 000 | 00386nam a2200157 a 4500 | ||
|---|---|---|---|
| 020 | _a2225822352 | ||
| 040 | _cDLC | ||
| 082 | 0 | 0 | _a551 MAS 1991 A034 Or. |
| 100 | 1 | _aNeuvy, Guy. | |
| 245 | 1 | 2 | _aL'homme et l'eau dans le domaine tropical / |
| 260 |
_aParis : _bMasson, _c1991. |
||
| 300 |
_a227 p. : _bill. ; _c24 cm. |
||
| 500 | _aIncludes index. | ||
| 650 | 0 | _aHydrology | |
| 942 | _cFB | ||
| 999 |
_c12771 _d12771 |
||